Forest management
| Main Author: | |
|---|---|
| Other Authors: | |
| Format: | Book |
| Published: |
New Delhi, India :
Discovery Pub. ,
1996
|
| Series: | DPH management series
|
| Subjects: |
MARC
| LEADER | 00000cam a2200000 7i4500 | ||
|---|---|---|---|
| 001 | 0000000458 | ||
| 005 | 20000818.0 | ||
| 020 | 0 | 0 | |a 8171413528 |
| 090 | 0 | 0 | |a 634.92 |b TRI 196 |
| 100 | 1 | 0 | |a TRIVEDI |h P. R. |
| 245 | 1 | 0 | |a Forest management |c P. R. Trivedi, K. N. Sudarshan |
| 260 | 0 | 0 | |a New Delhi, India : |b Discovery Pub. , |c 1996 |
| 300 | |a viii, 241 p. ; |c 23 cm. | ||
| 440 | 0 | 0 | |a DPH management series |
| 500 | 0 | 0 | |a Includes index |
| 650 | 0 | 0 | |a Forest management |
| 700 | 0 | 1 | |a Sudarshan |h K. N. |
| 999 | |a 0000001562 |b Monograph |c Open Shelf |e Default branch | ||